000 00897cam a22002894a 4500
001 12377755
003 OSt
005 20161020115623.0
008 010412s2001 nsc b 001 0 eng
010 _a 2001026239
020 _a1856499383
020 _a1856499391
040 _aDLC
_cDLC
_dDLC
042 _apcc
043 _an-us---
050 0 0 _aHF1455
_b.P476 2001
082 0 0 _a337
_221
_bPET 2001
100 1 _aPetras, James F.; Veltmeyer, Henry.
_d1937-
_97772
245 1 0 _aGlobalization unmasked :
_bimperialism in the 21st century
260 _aNew York :
_bZed Books ;
_c2001.
300 _a183 p. ;ill:
_c23 cm.
650 0 _aInternational economic
_97773
650 0 _aGlobalization
_97774
856 4 2 _3Contributor biographical information
_uhttp://www.loc.gov/catdir/bios/hol058/2001026239.html
906 _a7
_bcbc
_corignew
_d1
_eocip
_f19
_gy-gencatlg
942 _2ddc
_cSLOAN
999 _c3478
_d3478